000 01121nam0a2200313 4500
001 RU\NLR\bibl\1713799
005 20260406135224.0
010 _a978-5-699-44514-1
_98000
021 _aRU
_b2010-88138
_9691д/2010
035 _a(nilc)RSL-KNO-004860911
035 _a(NLR Aleph) 001704814
090 _a1243134
_c1243134
100 _a20101115d2010 |||y0rusy50 ca
101 1 _arus
_cfre
102 _aRU
105 _aa |||||||||
200 1 _aМуравьиха и кузнечик
_fФрансуаза Саган
_gвольный пер. [с фр.] Юрия Кушака
_gил. Жана-Батиста Друо
210 _aМосква
_cЭксмо
_d2010
215 _a[30] с.
_cцв. ил.
_d16
686 _aШ9(2)70(4Фр)
_2rubbk
686 _aШ6(4Фр)67-5{Лх1649-175}
700 1 _4070
_8rus
_7ca
_aСаган
_bФ.
_f1935-2004
_gФрансуаза
_3RU\NLR\AUTH\772605
_9112615
702 1 _aДруо
_bЖ. -Б.
_gЖан-Батист
_4440
801 0 _aRU
_bRuMoRKP
_c20101115
_grcr
801 1 _aRU
_bRuMoRGB
_c20101115
801 2 _aRU
_bNLR
_c20101214
_grcr
942 _cBOOK
980 _aNB